Psota broskyňová

Bibliographic Details
Main Author: Molnár, Jozef (Author)
Format: Article
Language:Slovak
PhysicalDescription:Obr. 2.
Subjects:

MARC

LEADER 00000nab a2200000 a 4500
001 vtls000342070
003 SK-MaSNL
005 20260302230231.0
008 111201c1989 xo 0 slo
015 |a SNBRB19rr/mm-uuuuu 
035 |a CL0342192 
040 |a SNKBUCL  |b slo  |c SNKBUCL  |e AACR2 
041 0 |a slo 
044 |a xo  |c SK 
080 |a 632.7:634.21+634.25  |2 1981 
080 |a 634.21  |2 1981 
080 |a 634.25  |2 1981 
080 |a 632.7  |2 1981 
100 1 |a Molnár, Jozef  |4 aut  |9 505091 
245 1 0 |a Psota broskyňová  |c Jozef Molnár 
300 |b Obr. 2. 
650 0 7 |a psota broskyňová  |2 snkbucl  |9 16574 
650 0 7 |a marhule  |2 snkbucl  |9 14188 
650 0 7 |a broskyne  |2 snkbucl  |9 15439 
655 7 |a články z novín a časopisov  |2 snkbucl  |9 267496 
773 0 |t Záhradkár  |g Roč. 25, č. 1 (1989), s. 4-5 
850 |a Slovenská národná knižnica v Martine  |a MTA001 
852 |a SNK  |b KIS3GCP 
958 |a RK 
992 |a RBX 
999 |c 1532811  |d 1534741